<?xml version="1.0" encoding="UTF-8"?>
<collection xmlns="http://www.loc.gov/MARC21/slim">
  <record>
    <leader>00000nam  2200000   4500</leader>
    <controlfield tag="001">INLIS000000000016919</controlfield>
    <controlfield tag="005">20240319023233</controlfield>
    <datafield tag="035" ind1="#" ind2="#">
      <subfield code="a">0010-0324000066</subfield>
    </datafield>
    <controlfield tag="007">ta</controlfield>
    <controlfield tag="008">240319################|##########|#|##</controlfield>
    <datafield tag="084" ind1="#" ind2="#">
      <subfield code="a">R 008 LATSAR 2021</subfield>
    </datafield>
    <datafield tag="100" ind1=" " ind2="#">
      <subfield code="a">Donny Ramadita Pradana</subfield>
    </datafield>
    <datafield tag="245" ind1="1" ind2="#">
      <subfield code="a">Penyusunan Panduan Pengajuan Permintaan Produk Hukum di Bawaslu Provinsi Jawa Tengah /</subfield>
      <subfield code="c">Donny Ramadita Pradana</subfield>
    </datafield>
    <datafield tag="260" ind1="#" ind2="#">
      <subfield code="a">Jakarta :</subfield>
      <subfield code="b">Pusbangkader,</subfield>
      <subfield code="c">2021</subfield>
    </datafield>
    <datafield tag="300" ind1="#" ind2="#">
      <subfield code="a">50 halaman ;</subfield>
      <subfield code="c">30 cm</subfield>
    </datafield>
    <datafield tag="650" ind1="#" ind2="4">
      <subfield code="a">Panduan</subfield>
    </datafield>
    <datafield tag="520" ind1="#" ind2="#">
      <subfield code="a">Identifikasi isu yang diperoleh belum optimalnya penanganan pekerja pada Divisi Penyelesaian Sengketa Proses di Bawaslu Provinsi Jawa Tengah, Belum adanya alur penerimaan permohonan produk hukum di Bawasli Provinsi Jawa Tengah, Belum optimalnya pengembangan kapasitas tugas divisi penyelesaian sengketa di Bawaslu Provinsi Jawa Tengah</subfield>
    </datafield>
    <datafield tag="856" ind1="#" ind2="#">
      <subfield code="a">Perpustakaan LAN Pusat</subfield>
    </datafield>
    <datafield tag="990" ind1="#" ind2="#">
      <subfield code="a">23.10.008</subfield>
    </datafield>
  </record>
</collection>
